Ley de consolidación de deudas del estado (Registro nro. 6496)

Detalles MARC
000 -LEADER
fixed length control field 01087 a2200205 4500
001 - CONTROL NUMBER
control field 58789
005 - DATE AND TIME OF LATEST TRANSACTION
control field 20260407155843.0
008 - FIXED-LENGTH DATA ELEMENTS--GENERAL INFORMATION
fixed length control field 260407a1992 arg spa d
003 - CONTROL NUMBER IDENTIFIER
control field AR-UNSa-BCEJYS
040 ## - CATALOGING SOURCE
Original cataloging agency AR-UNSa-BCEJYS
Language of cataloging spa
Transcribing agency AR-UNSa-BCEJYS
080 ## - UNIVERSAL DECIMAL CLASSIFICATION NUMBER
Universal Decimal Classification number 342.98
Common auxiliary subdivision Función pública. Estatuto de los funcionarios
020 ## - INTERNATIONAL STANDARD BOOK NUMBER
International Standard Book Number 950-14-0660-1
100 1# - MAIN ENTRY--PERSONAL NAME
Personal name Spisso, Rodolfo Roque
245 10 - TITLE STATEMENT
Title Ley de consolidación de deudas del estado
Name of part/section of a work La constitución mancillada. Ocaso de la seguridad jurídica. Quiebra de la división de poderes del Estado.
264 #1 - PRODUCTION, PUBLICATION, DISTRIBUTION, MANUFACTURE, AND COPYRIGHT NOTICE
Place of production, publication, distribution, manufacture Buenos Aires :
Name of producer, publisher, distributor, manufacturer Depalma
Date of production, publication, distribution, manufacture, or copyright notice 1992
300 ## - PHYSICAL DESCRIPTION
Extent 158 p.
Dimensions 23 cm.
505 ## - FORMATTED CONTENTS NOTE
Formatted contents note 1. Emergencia económica – 2. El proceso de promulgación de las leyes – 3. Las obligaciones del estado alcanzadas por la consolidación – 4. Del pago de las obligaciones consolidadas – 5. Bonos de consolidación – 6. Extinción de las obligaciones consolidadas – 7. Ley de orden público – 8. Cuestiones procesales – 9. L'État, c'est moi– 10. Estimativa axiológica
590 ## - LOCAL NOTE (RLIN)
Local note niveau_biblio:m niveau_hierar:0
942 ## - ADDED ENTRY ELEMENTS (KOHA)
Koha item type
Existencias
Withdrawn status Lost status Damaged status Not for loan Home library Current library Shelving location Date acquired Total checkouts Full call number Barcode Date last seen Price effective from Koha item type
        Biblioteca Prof. Eusebio Cleto del Rey Biblioteca Prof. Eusebio Cleto del Rey   07/04/2026   342.98 S754 L86461 07/04/2026 07/04/2026 Libro
        Biblioteca Prof. Eusebio Cleto del Rey Biblioteca Prof. Eusebio Cleto del Rey   07/04/2026   342.98 S754 L58773 07/04/2026 07/04/2026 Libro